Quizzes
Events
Quiz Creation
Community
Videos
Private Events
Remove Ads
Sign In
Join for FREE
Feedback
Dark Mode
Quiz Categories
Sports
Geography
Music
Movies
Television
Just For Fun
Miscellaneous
History
Literature
Language
Science
Gaming
Entertainment
Religion
Holiday
For Kids
Quiz Lab
Recent
Popular Today
Quiz Kudos Today
Editor Picks
Curator Picks
Quizzes by...
Day
Popularity
Type
Ratings
Length
Year
Community
Subscriptions
Recent Discussions
Orange Saloon
Badges
Playlists
Quests
Create
Leaderboards
Showdown
Live 5
Trivia Bingo
Activity
Puzzle Library
Sporcle Events
Private Events
Virtual Trivia
Globe League
Become a Host
Pub Owners
SporcleCon
Opinionation
Our Games
Videos
Blog
Mobile Apps
Partnerships
Remove Ads and Go Orange
Feedback
Movies
Disney
Marvel Cinematic Universe
Movie Resume
Movie Titles
Oscar
Actor
Actress
Director
Pixar
Role
Movie Quotes
Movie Characters
Box Office
Nominee
Best Picture
Star Wars
James Bond
Horror Movies
Movies
Disney
Marvel Cinematic Universe
Movie Resume
Movie Titles
Oscar
Actor
Actress
Director
Pixar
Role
Movie Quotes
Movie Characters
Box Office
Nominee
Best Picture
Star Wars
James Bond
Horror Movies
Random Quiz
Search Sporcle
×
Quiz Lab
Quiz Lab
Movies
Best Picture
Type in answers that appear in a list
Type in answers that appear in a list
Classic
Best Score? Go Orange.
Directors of Best Picture Winners Stats
Can you name the Directors of Best Picture Winners?
By
LJ55
10m
40 Questions
101 Plays
101 Plays
101 Plays
Comments
Comments
Give Quiz Kudos
Give Quiz Kudos
-
- Ratings
hide this ad
Forced Order
Answers have to be entered in order
Answers have to be entered in order
Replay
Link that replays current quiz
Next Quiz
Link to next quiz in quiz playlist
You Got
0%
They Got
Avg Score
72%
Avg Friend Score
Upgrade to see
Score Distribution
Jump to the score distribution portion of the page
Score
0/40
Timer
10:00
0
Plays Today
Year
Director
% Correct
2009
Kathryn Bigelow
99%
2007
Joel and Ethan Coen
96%
2008
Danny Boyle
95%
2006
Martin Scorsese
95%
2004
Clint Eastwood
95%
2003
Peter Jackson
94.1%
1997
James Cameron
93.1%
2000
Ridley Scott
92.1%
1993
Steven Spielberg
92.1%
1995
Mel Gibson
91.1%
1992
Clint Eastwood
88.1%
2001
Ron Howard
87.1%
1990
Kevin Costner
87.1%
1999
Sam Mendes
86.1%
1994
Robert Zemeckis
86.1%
1974
Francis Ford Coppola
82.2%
1972
Francis Ford Coppola
82.2%
1977
Woody Allen
81.2%
2005
Paul Haggis
79.2%
1980
Robert Redford
74.3%
Year
Director
% Correct
1986
Oliver Stone
73.3%
1996
Anthony Minghella
72.3%
1984
Milos Forman
72.3%
1975
Milos Forman
71.3%
2002
Rob Marshall
69.3%
1991
Jonathon Demme
62.4%
1988
Barry Levinson
62.4%
1982
Richard Attenborough
62.4%
1978
Michael Cimino
61.4%
1985
Sydney Pollack
60.4%
1983
James L. Brooks
58.4%
1973
George Roy Hill
58.4%
1971
William Friedkin
54.5%
1998
John Madden
51.5%
1976
John G. Avildsen
49.5%
1987
Bernardo Bertolucci
47.5%
1979
Robert Benton
37.6%
1970
Franklin Schaffner
36.6%
1989
Bruce Beresford
33.7%
1981
Hugh Hudson
26.7%
Quiz Playlist
Details
Report
Send in Message
Add To Playlist
Classic:
Type in answers that appear in a list
Forced Order:
Answers have to be entered in order
Quiz Source
Last Updated: Feb 16, 2017
Quiz Scoreboard
CHALLENGE
Sign Up to Join the Scoreboard
Show All
Scores
Hide
Comments
May contain spoilers
Recently Published
Presidents Visiting Landmarks
by Hejman
History
7m
An Introduction to Baseball
by treessimontrees
Sports
5m
Movies - When Are They Set?
by FPL_Elf
Movies
5m
More to Explore
Quiz From the Vault
Featured Blog Post
Where Did the Easter Bunny Come From?
hide this ad
You Might Also Like...
Tags
Best Picture Quiz
Director Quiz
Image Quiz
Winner
Today's Top Quizzes in Movies
Browse Movies
hide this ad
Today's Top Quizzes in Best Picture
Browse Best Picture
Top Contributed Quizzes in Movies
1
Pick 5 Posters: Directed by Spielberg
2
7-to-1: Pixar Characters
3
Pick 5 Posters: Lowest-Rated Spielberg
4
Pick 5 Posters: Directed by Scorsese
5
Sorting Actors
6
Sorting Actresses
7
Pick 5 Posters: Star & Director
8
Pick 5 Posters: Women Directed 2020s
9
12 Movies about Fictional 1960s Events
10
Multi-Oscar Nominations, One Movie, One Winner
Explore More
Trending Topics
Kpop
Harry Potter
NBA
Disney
Marvel
Crossword
Anime
WWE
NFL
Pokémon
Song
The Office
Soccer
Puzzle
Country
hide this ad
More By:
LJ55
Quiz
Plays
Rating
Category
Featured
Created
MASH Actors
678
4.56
Television
Jul 5, 2010
Top 50 Dog Breeds
296
2.33
Miscellaneous
Sep 6, 2010
Best Actor Oscar nominees (2000's)
277
4.00
Movies
Sep 18, 2010
Best Actress Oscar nominations (2000's)
199
3.00
Movies
Oct 8, 2010
Jeff Bridges Oscar Noms
168
4.75
Movies
Mar 1, 2011
Go to Creator's Profile
Score Distribution
Quiz Creator Spotlight
LJ55
Follow
Send a Message
Quizzes Created
-
Created Quiz Play Count
-
More By This Creator
Popular Quizzes Today
1
Find the US States - No Outlines Minefield
2
Find the Countries of Europe - No Outlines Minefield
3
The Countries of the World
4
Find the US States
5
Popular People in 1961
6
US States
7
Risky Map Clicking: Biggest States A-Z
8
Movies - When Are They Set?
More Movies Quizzes
Get the picture: Monty Python
Curator's Pick
Trending Quizzes
Risky Map Clicking: Least Populous States A-Z
1-10 Letter G Words
1-10 Letter F Words
Risky Map Clicking: Next State Alphabetically
Risky Map Clicking: Biggest States A-Z
Recently Updated
Leaping Animals
pecheneg
Reality TV Shows (A-Z)
bhenderson79
Rickey Henderson's Hall of Fame Teammates
pecheneg
Champions League XIs: Arsenal
pecheneg
Quick Pick: Celebrities in WWE's Hall of Fame
aduchscher
A-Z Keypad Blitz II
pecheneg
Multiple Oscar Actors
pecheneg
Mystery Phrase Blitz: Oscar 'Best Actors'
pecheneg
F. Scott Fitzgerald Novels
LTH
Pick 3 Villains
ddd62291
Trending Topics
NBA
Harry Potter
Kpop
Crossword
Anime
Disney
Marvel
Country
NFL
Song
The Office
Soccer
WWE
Pokémon
Puzzle
Your Account Isn't Verified!
In order to create a playlist on Sporcle, you need to verify the email address you used during registration. Go to your
Sporcle Settings
to finish the process.
Report this User
Report this user for behavior that violates our
Community Guidelines
.
Details:
Send Report
Go to the Sporcle.com Mobile Site →
Comments